The fossil insects of North America : with notes on some European species /

Saved in:
Bibliographic Details
Main Author: Scudder, Samuel Hubbard, 1837-1911
Format: Book
Language:English
Published: New York : MacMillan, 1890.
Subjects:
Local Note:"One hundred copies printed. No. 27."

MARC

LEADER 00000nam a2200000 i 4500
001 000525964
005 20260604031454.8
008 770114s1890 nyuf 001 0 eng d
035 |a (OCoLC)2678495 
035 9 |a ACG1627^^^^^ 
035 |a (ndu)000525964 
040 |a AAA  |c AAA  |d IND  |d UtOrBLW 
049 |a INDW  |v 1-2 [128104-05] 
090 |a QE831  |b .S3 
099 |a QE  |a 831  |a .Scu24f 
100 1 |a Scudder, Samuel Hubbard,  |d 1837-1911.  |0 http://id.loc.gov/authorities/names/n87137602 
245 1 4 |a The fossil insects of North America :  |b with notes on some European species /  |c by Samuel H. Scudder. 
260 |a New York :  |b MacMillan,  |c 1890. 
300 |a 2 volumes :  |b plates ;  |c 30 cm 
336 |a text  |b txt  |2 rdacontent  |0 http://rdaregistry.info/termList/RDAContentType/1020 
337 |a unmediated  |b n  |2 rdamedia  |0 http://rdaregistry.info/termList/RDAMediaType/1007 
338 |a volume  |b nc  |2 rdacarrier  |0 http://rdaregistry.info/termList/RDACarrierType/1049 
340 |p plate 
500 |a Each volume has special t.-p. 
500 |a v. 2 has added t.-p. for Department of Interior. Report of The United States Geological Survey of the Territories, v. 13 
590 |a "One hundred copies printed. No. 27." 
650 0 |a Insects, Fossil.  |0 http://id.loc.gov/authorities/subjects/sh85066700 
650 7 |a Insects, Fossil.  |2 fast  |0 (OCoLC)fst00974199 
902 |a MARS 
999 f f |i 26b1d2d8-1d1b-54a2-a94d-ccb628f031bd  |s 4b8d0e3a-484d-442a-96bc-073368d97517  |t 0 
952 f f |p Reading Room  |a University of Notre Dame  |b University of Notre Dame  |c Rare Books & Special Collections  |s RBSC Large  |d RBSC Large  |t 0  |e QE 831 .Scu24f  |h Library of Congress classification  |i Book  |k 1  |m SS000462470 
952 f f |p Reading Room  |a University of Notre Dame  |b University of Notre Dame  |c Rare Books & Special Collections  |s RBSC Large  |d RBSC Large  |t 0  |e QE 831 .Scu24f  |h Library of Congress classification  |i Book  |k 2  |m SS000462472